000 00377nam a2200145Ia 4500
008 230917s9999||||xx |||||||||||||| ||und||
040 _e46573
_aMAIN
041 _aEnglish
082 _a821.8 Y34S
100 _aSteinman, Michael
245 0 _aYeats heroic figures: Wilde, Parnell, Swift, Casement
260 _aLondon
_bMacmillan
_c1983
300 _aix, 197 p.
942 _cBK
999 _c51989
_d51989